[Event "TCh-CHN 2019"]
[Site "China CHN"]
[Date "2019.11.23"]
[Round "18.3"]
[Board "5"]
[White "Zhu, Jiner"]
[Black "Javakhishvili, Lela"]
[Result "1/2-1/2"]
[WhiteTitle "WIM"]
[BlackTitle "IM"]
[WhiteElo "2461"]
[BlackElo "2463"]
[WhiteTeam "Zhejiang team"]
[BlackTeam "Chongqing Jiulongpo Yucai Chess team"]
[WhiteFideId "8608059"]
[BlackFideId "13601458"]
[EventDate "2019.04.09"]

1. e4 d6 2. d4 Nf6 3. Nc3 g6 4. Nf3 c6 5. a4 Bg7 6. Be2 O-O 7. O-O Qc7 8. h3 e5
9. dxe5 dxe5 10. Be3 Nh5 11. a5 Nf4 12. Bc4 Be6 13. Nd2 Nd7 14. b4 b5 15. axb6
axb6 16. Qb1 b5 17. Bxe6 Nxe6 18. Nb3 Rxa1 19. Qxa1 Nd4 20. Qd1 Rd8 21. Nxd4
exd4 22. Bxd4 Nf8 23. Ne2 Ne6 24. c3 Nxd4 25. Nxd4 Bxd4 26. cxd4 Qd6 27. Qc2
Qxb4 28. Qxc6 Qxd4 29. Rb1 b4 30. Qb7 Re8 31. Rxb4 Qd1+ 32. Kh2 Qd2 33. Qb6 Qf4+
34. g3 Qf3 35. Qd4 h5 36. h4 Kh7 37. Rc4 Rd8 38. Rc3 Qxg3+ 39. Kxg3 Rxd4 40. f3
Kg7 41. Rc6 Ra4 42. Rb6 Rc4 43. Ra6 1/2-1/2

[Event "TCh-CHN 2019"]
[Site "China CHN"]
[Date "2019.11.23"]
[Round "18.4"]
[Board "3"]
[White "Zhou, Weiqi"]
[Black "Li, Chao b"]
[Result "1/2-1/2"]
[WhiteTitle "GM"]
[BlackTitle "GM"]
[WhiteElo "2592"]
[BlackElo "2690"]
[WhiteTeam "Chongqing Sports lottery chess team"]
[BlackTeam "Beijing team"]
[WhiteFideId "8601674"]
[BlackFideId "8604436"]
[EventDate "2019.04.09"]

1. d4 d5 2. c4 dxc4 3. Nf3 a6 4. e3 b5 5. a4 Bb7 6. b3 e6 7. axb5 axb5 8. Rxa8
Bxa8 9. bxc4 bxc4 10. Bxc4 Nf6 11. O-O Be7 12. Ba3 O-O 13. Bxe7 Qxe7 14. Nbd2 c5
15. Be2 cxd4 16. Nxd4 Nc6 17. Nxc6 Bxc6 18. Bf3 Bb5 19. Be2 Bc6 20. Bf3 Bb5 21.
Be2 Bc6 22. Bf3 1/2-1/2

[Event "TCh-CHN 2019"]
[Site "China CHN"]
[Date "2019.11.23"]
[Round "18.4"]
[Board "5"]
[White "Song, Yuxin"]
[Black "Lei, Tingjie"]
[Result "1/2-1/2"]
[WhiteTitle "WIM"]
[BlackTitle "GM"]
[WhiteElo "2299"]
[BlackElo "2483"]
[WhiteTeam "Beijing team"]
[BlackTeam "Chongqing Sports lottery chess team"]
[WhiteFideId "8614300"]
[BlackFideId "8605114"]
[EventDate "2019.04.09"]

1. e4 c5 2. Nf3 d6 3. Bb5+ Nd7 4. d4 Nf6 5. O-O cxd4 6. Qxd4 a6 7. Bxd7+ Bxd7 8.
Bg5 e6 9. Nc3 Be7 10. e5 dxe5 11. Nxe5 Bb5 12. Qxd8+ Rxd8 13. Rfd1 Rc8 14. Nxb5
axb5 15. c3 Nd5 16. Bxe7 Kxe7 17. a4 f6 18. Nd3 bxa4 19. Rxa4 Rhd8 20. g3 Nb6
21. Raa1 Rd5 22. Kf1 g5 23. h3 Rb5 24. Ra7 Nd5 25. Rda1 Rc4 26. R1a4 Rc7 27. c4
Rb3 28. cxd5 Rxd3 29. Rb4 Rxd5 30. Rbxb7 Rxb7 1/2-1/2

[Event "TCh-CHN 2019"]
[Site "China CHN"]
[Date "2019.11.23"]
[Round "18.5"]
[Board "1"]
[White "Ma, Qun"]
[Black "Xiang, Zeyu"]
[Result "1-0"]
[WhiteTitle "GM"]
[BlackTitle "IM"]
[WhiteElo "2627"]
[BlackElo "2446"]
[WhiteTeam "Hangzhou Bank Team"]
[BlackTeam "Hangzhou Hongda team"]
[WhiteFideId "8603154"]
[BlackFideId "8608547"]
[EventDate "2019.04.09"]

1. e4 e5 2. Nf3 Nc6 3. Bc4 Bc5 4. c3 Nf6 5. d3 O-O 6. O-O d5 7. exd5 Nxd5 8. a4
Bf5 9. Nbd2 Nb6 10. Bb5 Bxd3 11. Re1 e4 12. Nxe4 Bxe4 13. Qxd8 Raxd8 14. Rxe4
Rd1+ 15. Re1 Rxe1+ 16. Nxe1 Nd5 17. Nd3 Bd6 18. a5 a6 19. Bc4 Nf6 20. g3 Re8 21.
Kg2 h6 22. Be3 Ng4 23. Bd2 Nge5 24. Nxe5 Nxe5 25. Be2 c6 26. Be3 Bc7 27. b4 Kf8
28. Bc5+ Kg8 29. Rd1 Rd8 30. Rxd8+ Bxd8 31. Bd6 Nd7 32. Bg4 Nf6 33. Bc8 Ne4 34.
Be5 f6 35. Bf4 b6 36. axb6 Bxb6 37. c4 a5 38. c5 Bd8 39. b5 cxb5 40. c6 a4 41.
c7 Bxc7 42. Bxc7 Kf7 43. Bb7 Nc5 44. Bc6 Ke6 45. Bxb5 Kd5 46. Be8 a3 47. Bf7+
Ne6 48. Ba5 a2 49. Bc3 1-0

[Event "TCh-CHN 2019"]
[Site "China CHN"]
[Date "2019.11.23"]
[Round "18.5"]
[Board "2"]
[White "Jakovenko, Dmitry"]
[Black "Zou, Chen"]
[Result "1-0"]
[WhiteTitle "GM"]
[BlackTitle "FM"]
[WhiteElo "2698"]
[BlackElo "2459"]
[WhiteTeam "Hangzhou Bank Team"]
[BlackTeam "Hangzhou Hongda team"]
[WhiteFideId "4122356"]
[BlackFideId "8610959"]
[EventDate "2019.04.09"]

1. e4 e5 2. Nf3 Nc6 3. Bc4 Bc5 4. c3 Nf6 5. d3 d6 6. Nbd2 a6 7. Bb3 Ba7 8. Nf1
h6 9. Ng3 O-O 10. O-O Re8 11. h3 Be6 12. Nh2 Bxb3 13. axb3 Ne7 14. Qf3 Ng6 15.
Nf5 Re6 16. Ng4 Nxg4 17. hxg4 Nh4 18. Qh3 Nxf5 19. exf5 Re8 20. Bxh6 gxh6 21.
Qxh6 f6 22. Qg6+ Kf8 23. g5 fxg5 24. f6 Qd7 25. Ra4 e4 26. Re1 e3 27. Qh6+ 1-0

[Event "TCh-CHN 2019"]
[Site "China CHN"]
[Date "2019.11.23"]
[Round "18.5"]
[Board "4"]
[White "Zhao, Shengxin"]
[Black "Gu, Tianlu"]
[Result "1/2-1/2"]
[WhiteTitle "WFM"]
[BlackTitle "WIM"]
[WhiteElo "2093"]
[BlackElo "2261"]
[WhiteTeam "Hangzhou Hongda team"]
[BlackTeam "Hangzhou Bank Team"]
[WhiteFideId "8608040"]
[BlackFideId "8603995"]
[EventDate "2019.04.09"]

1. d4 Nf6 2. c4 e6 3. g3 d5 4. Bg2 dxc4 5. Nf3 c5 6. O-O Nc6 7. dxc5 Qxd1 8.
Rxd1 Bxc5 9. Nbd2 c3 10. bxc3 O-O 11. Nb3 Be7 12. Nfd4 Bd7 13. Bg5 Rfd8 14. Bxf6
Bxf6 15. Nc5 Na5 16. Nxb7 Nxb7 17. Bxb7 Rab8 18. Rab1 Ba4 19. Rdc1 Bxd4 20. cxd4
Rxd4 21. Be4 Rxb1 22. Bxb1 Rd1+ 23. Rxd1 Bxd1 24. Kf1 Kf8 25. Ke1 Ba4 26. Kd2 h6
27. Bd3 Ke7 28. Kc3 Kd6 29. Kb4 Bc6 30. a3 e5 31. h4 f6 32. Ka5 Bb7 33. Ba6 Bc6
34. Bd3 Bb7 35. Ba6 Bc6 36. Bd3 Bb7 37. Ba6 Bc6 1/2-1/2

[Event "TCh-CHN 2019"]
[Site "China CHN"]
[Date "2019.11.23"]
[Round "18.5"]
[Board "5"]
[White "Zhou, Zirun"]
[Black "Girya, Olga"]
[Result "0-1"]
[BlackTitle "WGM"]
[WhiteElo "2124"]
[BlackElo "2488"]
[WhiteTeam "Hangzhou Hongda team"]
[BlackTeam "Hangzhou Bank Team"]
[WhiteFideId "8610975"]
[BlackFideId "4195752"]
[EventDate "2019.04.09"]

1. d4 Nf6 2. c4 e6 3. Nc3 Bb4 4. e3 O-O 5. Bd3 c5 6. Nf3 b6 7. O-O Bxc3 8. bxc3
Bb7 9. Nd2 Nc6 10. Ne4 Nxe4 11. Bxe4 Na5 12. Bxb7 Nxb7 13. Ba3 d6 14. e4 Na5 15.
Qe2 Qd7 16. e5 Qa4 17. Bc1 Qxc4 18. Qg4 f5 19. exf6 Rxf6 20. Bf4 Rg6 21. Qh3 e5
22. Bg3 cxd4 23. cxd4 Qxd4 24. Rfd1 Qa4 25. Rac1 Rf8 26. Rd2 Rh6 0-1

[Event "TCh-CHN 2019"]
[Site "China CHN"]
[Date "2019.11.23"]
[Round "18.6"]
[Board "2"]
[White "Wang, Yue"]
[Black "Ni, Hua"]
[Result "1/2-1/2"]
[WhiteTitle "GM"]
[BlackTitle "GM"]
[WhiteElo "2674"]
[BlackElo "2669"]
[WhiteTeam "Zhihui Sports chess team of Tianjin"]
[BlackTeam "China Mobil Shanghai Chess Club"]
[WhiteFideId "8601429"]
[BlackFideId "8601160"]
[EventDate "2019.04.09"]

1. e4 e5 2. Nf3 Nc6 3. Bb5 a6 4. Ba4 Nf6 5. O-O Be7 6. d3 b5 7. Bb3 d6 8. a3 O-O
9. Nc3 Bg4 10. Be3 Nd4 11. Bxd4 exd4 12. Nd5 Nxd5 13. Bxd5 Rb8 14. h3 Bd7 15.
Re1 Bf6 16. Qd2 c6 17. Bb3 Qe7 18. a4 b4 19. Qf4 Be5 20. Nxe5 Qxe5 21. Qxe5 dxe5
22. Rf1 Be6 23. Bxe6 fxe6 24. b3 g5 25. f3 Kg7 26. g3 Rf6 27. Kg2 Rbf8 28. Rf2
h5 29. Rh1 h4 30. g4 a5 1/2-1/2

[Event "TCh-CHN 2019"]
[Site "China CHN"]
[Date "2019.12.04"]
[Round "19.1"]
[Board "1"]
[White "Dai, Changren"]
[Black "Wen, Yang"]
[Result "1/2-1/2"]
[WhiteTitle "IM"]
[BlackTitle "GM"]
[WhiteElo "2511"]
[BlackElo "2586"]
[WhiteTeam "Zhihui Sports chess team of Tianjin"]
[BlackTeam "Shandong Jingzhi team"]
[WhiteFideId "8608156"]
[BlackFideId "8602956"]
[EventDate "2019.04.09"]

1. e4 e5 2. Nf3 Nc6 3. Bb5 a6 4. Ba4 Nf6 5. O-O b5 6. Bb3 Bc5 7. c3 d6 8. d4 Bb6
9. a4 Bb7 10. Re1 h6 11. Be3 exd4 12. cxd4 Na5 13. d5 Bxe3 14. Rxe3 O-O 15. Nd4
Re8 16. Nd2 c5 17. dxc6 Nxc6 18. Nf5 Ne7 19. Nxe7+ Rxe7 20. Qe2 Qb6 21. axb5
axb5 22. Rxa8+ Bxa8 23. Bc2 Qd4 24. Nf1 Re5 25. Qd2 Qxb2 26. Qxd6 Re6 27. Qd2
Qe5 28. f3 Qc5 29. Qf2 Bc6 30. Bb3 Re8 31. Rd3 Qe5 1/2-1/2

[Event "TCh-CHN 2019"]
[Site "China CHN"]
[Date "2019.12.04"]
[Round "19.1"]
[Board "2"]
[White "Wang, Yue"]
[Black "Zhao, Jun"]
[Result "1/2-1/2"]
[WhiteTitle "GM"]
[BlackTitle "GM"]
[WhiteElo "2674"]
[BlackElo "2639"]
[WhiteTeam "Zhihui Sports chess team of Tianjin"]
[BlackTeam "Shandong Jingzhi team"]
[WhiteFideId "8601429"]
[BlackFideId "8602522"]
[EventDate "2019.04.09"]

1. d4 d5 2. c4 dxc4 3. Nf3 a6 4. e3 b5 5. a4 Bb7 6. b3 e6 7. bxc4 bxc4 8. Bxc4
Nf6 9. O-O c5 10. Ba3 Nbd7 11. Nbd2 Be7 12. Rb1 Bc6 13. dxc5 Bxc5 14. Bb2 O-O
15. Bd3 a5 16. Nc4 Bb4 17. Nfe5 Nxe5 18. Nxe5 Bb7 19. Qe2 Qe7 20. Bb5 Ne4 21.
Rbc1 Rac8 22. Nc6 Bxc6 23. Bxc6 Nc5 24. Bb5 Ne4 25. Bc6 Nc5 26. Bb5 Ne4 27. Qd3
Nd6 28. Ba6 Rxc1 29. Rxc1 Rd8 30. Qc2 Qa7 31. Bd3 h6 32. Qe2 Qe7 33. h3 Nf5 34.
Rd1 1/2-1/2

[Event "TCh-CHN 2019"]
[Site "China CHN"]
[Date "2019.12.04"]
[Round "19.1"]
[Board "3"]
[White "Malakhov, Vladimir"]
[Black "Liu, Qingnan"]
[Result "1/2-1/2"]
[WhiteTitle "GM"]
[BlackTitle "GM"]
[WhiteElo "2668"]
[BlackElo "2533"]
[WhiteTeam "Zhihui Sports chess team of Tianjin"]
[BlackTeam "Shandong Jingzhi team"]
[WhiteFideId "4120787"]
[BlackFideId "8603294"]
[EventDate "2019.04.09"]

1. Nf3 d5 2. e3 Nf6 3. c4 e6 4. Nc3 Be7 5. b3 b6 6. Bb2 dxc4 7. bxc4 c5 8. g3
Bb7 9. Bg2 O-O 10. O-O Nc6 11. Qe2 Nb4 12. d4 cxd4 13. exd4 Rc8 14. Rfd1 Ba6 15.
Ne5 Qc7 16. Nb5 Bxb5 17. cxb5 Qc2 18. Rd2 Qa4 19. a3 Nbd5 20. Nc6 Bd6 21. Qd1
Qxd1+ 22. Rdxd1 a6 23. a4 Rc7 24. Rdc1 Rfc8 25. Bc3 a5 26. Bd2 h6 27. Kf1 Kf8
28. Ke2 Ne7 29. Nxe7 Kxe7 30. Bc6 Nd5 31. Kd3 Bb4 32. Bxd5 Rxc1 33. Rxc1 Rxc1
34. Bxc1 exd5 35. g4 Bd6 36. h4 f5 37. f3 Kf6 38. Ke2 g5 39. h5 1/2-1/2

[Event "TCh-CHN 2019"]
[Site "China CHN"]
[Date "2019.12.04"]
[Round "19.1"]
[Board "4"]
[White "Ning, Kaiyu"]
[Black "Xiao, Yiyi"]
[Result "1-0"]
[WhiteTitle "WIM"]
[BlackTitle "WFM"]
[WhiteElo "2353"]
[BlackElo "2306"]
[WhiteTeam "Shandong Jingzhi team"]
[BlackTeam "Zhihui Sports chess team of Tianjin"]
[WhiteFideId "8614750"]
[BlackFideId "8606161"]
[EventDate "2019.04.09"]

1. Nf3 d5 2. c4 e6 3. g3 Nf6 4. Bg2 c6 5. Qc2 Nbd7 6. d4 Be7 7. O-O O-O 8. Nbd2
b6 9. e4 Bb7 10. e5 Ne8 11. cxd5 cxd5 12. Rd1 Rc8 13. Qb1 Nb8 14. Nf1 Ba6 15. h4
Qc7 16. Bg5 Bxg5 17. Nxg5 Qc2 18. Ne3 Qxb1 19. Raxb1 h6 20. Nh3 Nc7 21. g4 Nc6
22. f4 Nb5 23. Bf1 Nc7 24. Bxa6 Nxa6 25. f5 Ncb4 26. a3 Nc2 27. Kf2 f6 28. Nf4
Nxe3 29. Kxe3 fxe5 30. Nxe6 exd4+ 31. Kxd4 Rfe8 32. Rbc1 Nc5 33. Kxd5 Kf7 34. b4
Na4 35. Rxc8 Rxc8 36. Ke5 Ke7 37. Nxg7 Nb2 38. f6+ Kf8 39. Rd7 Nc4+ 40. Kf5 Ne3+
41. Kg6 1-0

[Event "TCh-CHN 2019"]
[Site "China CHN"]
[Date "2019.12.04"]
[Round "19.1"]
[Board "5"]
[White "Hu, Yu A."]
[Black "Munguntuul, Batkhuyag"]
[Result "0-1"]
[BlackTitle "IM"]
[WhiteElo "2135"]
[BlackElo "2430"]
[WhiteTeam "Shandong Jingzhi team"]
[BlackTeam "Zhihui Sports chess team of Tianjin"]
[WhiteFideId "8609993"]
[BlackFideId "4900758"]
[EventDate "2019.04.09"]

1. e4 c5 2. Nf3 e6 3. d4 cxd4 4. Nxd4 Nc6 5. Nc3 d6 6. Be3 Nf6 7. Be2 Be7 8. O-O
O-O 9. f4 e5 10. Nf5 Bxf5 11. exf5 exf4 12. Rxf4 d5 13. Kh1 Re8 14. Bg1 Bd6 15.
Rf1 Be5 16. Bf3 Bxc3 17. bxc3 Qa5 18. Qd2 Rad8 19. Rfb1 b6 20. Rb3 Ne4 21. Qf4
f6 22. c4 Qa4 23. Bxe4 Rxe4 24. Qf3 Ne5 25. Ra3 Qxc4 26. Qb3 Rd7 27. Rd1 Rf4 28.
Qg3 Rxf5 29. Rc3 Qg4 30. Rc8+ Kf7 31. Qe1 Rg5 32. Qd2 Nc4 33. h3 Nxd2 34. hxg4
Ne4 35. c4 Rxg4 0-1

[Event "TCh-CHN 2019"]
[Site "China CHN"]
[Date "2019.12.04"]
[Round "19.2"]
[Board "2"]
[White "Ni, Hua"]
[Black "Ma, Qun"]
[Result "1/2-1/2"]
[WhiteTitle "GM"]
[BlackTitle "GM"]
[WhiteElo "2669"]
[BlackElo "2627"]
[WhiteTeam "China Mobil Shanghai Chess Club"]
[BlackTeam "Hangzhou Bank Team"]
[WhiteFideId "8601160"]
[BlackFideId "8603154"]
[EventDate "2019.04.09"]

1. d4 d5 2. c4 c6 3. Nc3 Nf6 4. e3 g6 5. Nf3 Bg7 6. Bd3 O-O 7. O-O Bg4 8. h3
Bxf3 9. Qxf3 e6 10. Rd1 Nbd7 11. b3 Re8 12. Bb2 a6 13. Rac1 Qe7 14. Qe2 Rac8 15.
Bb1 Qb4 16. Bd3 Qa5 17. Bb1 Bf8 18. a4 Bg7 19. Qd2 Qd8 20. Qe2 Qa5 21. Qd2 Qd8
22. Qe2 Qa5 23. Qd2 Qd8 1/2-1/2

[Event "TCh-CHN 2019"]
[Site "China CHN"]
[Date "2019.12.04"]
[Round "19.2"]
[Board "3"]
[White "Xu, Yi"]
[Black "Jakovenko, Dmitry"]
[Result "1/2-1/2"]
[WhiteTitle "GM"]
[BlackTitle "GM"]
[WhiteElo "2542"]
[BlackElo "2698"]
[WhiteTeam "China Mobil Shanghai Chess Club"]
[BlackTeam "Hangzhou Bank Team"]
[WhiteFideId "8605564"]
[BlackFideId "4122356"]
[EventDate "2019.04.09"]

1. e4 c6 2. d4 d5 3. exd5 cxd5 4. c4 Nf6 5. Nc3 e6 6. Nf3 Bb4 7. Bg5 h6 8. Bxf6
Qxf6 9. cxd5 exd5 10. Bb5+ Nc6 11. O-O Bxc3 12. bxc3 O-O 13. Qb3 Qd6 14. Rfe1
Bf5 15. Bxc6 bxc6 16. Qb4 Qxb4 17. cxb4 a5 18. Ne5 Ra6 19. Rac1 axb4 20. Nxc6
Be6 21. Nxb4 Ra4 22. Nc6 Rxa2 23. Rc5 Kh7 24. Nb4 Rd2 25. Nxd5 Rxd4 26. Ne3 Rc8
27. Rxc8 Bxc8 28. Rd1 Rxd1+ 29. Nxd1 g5 30. g3 Kg6 31. f3 1/2-1/2

[Event "TCh-CHN 2019"]
[Site "China CHN"]
[Date "2019.12.04"]
[Round "19.2"]
[Board "4"]
[White "Li, Ruofan"]
[Black "Ni, Shiqun"]
[Result "0-1"]
[WhiteTitle "IM"]
[BlackTitle "WGM"]
[WhiteElo "2335"]
[BlackElo "2389"]
[WhiteTeam "Hangzhou Bank Team"]
[BlackTeam "China Mobil Shanghai Chess Club"]
[WhiteFideId "8600643"]
[BlackFideId "8608466"]
[EventDate "2019.04.09"]

1. d4 d5 2. c4 c6 3. cxd5 cxd5 4. Bf4 Nc6 5. e3 Nf6 6. Nc3 a6 7. Bd3 Bg4 8. Nge2
e6 9. O-O Bd6 10. f3 Bh5 11. Rc1 Bg6 12. Na4 O-O 13. Bxg6 hxg6 14. Qb3 Rb8 15.
Nc5 e5 16. Bg5 Qe7 17. Nd3 Rfe8 18. dxe5 Nxe5 19. Ndf4 Nc6 20. Nxd5 Qe5 21.
Nxf6+ gxf6 22. Bf4 Qe7 23. Bxd6 Qxd6 24. Rfd1 Qe7 25. e4 Kg7 26. Nf4 Rh8 27. Qc3
Rbc8 28. Nd5 Qd6 29. f4 Ne7 30. Qd4 Rxc1 31. Rxc1 Nxd5 32. exd5 Rd8 33. Rd1 Rc8
34. Qd2 Rc4 35. g3 Kf8 36. Kg2 Rc5 37. Qd3 b5 38. b3 b4 39. Rd2 a5 40. Qd4 Kg7
41. Qe4 Kf8 42. h4 Rc1 43. f5 Rc3 44. Rd3 Kg7 45. Kh3 Qd7 46. d6 gxf5 47. Qf3
Qxd6 48. Rxc3 bxc3 49. Qxc3 Qd5 50. Qc1 Qf3 51. Qe1 Kh6 52. Qd2+ Kh5 53. Qc2
Qh1+ 54. Qh2 Qf3 55. Qg2 Qd1 56. Qa8 Qf1+ 57. Kh2 Qe2+ 58. Qg2 Qd3 59. Qf2 Kg6
60. Qb2 Qe3 61. Qc2 Kg7 62. Qg2 Kh6 63. Qc6 Qe2+ 64. Kh3 Qg4+ 65. Kg2 Qe2+ 66.
Kh3 Qg4+ 67. Kh2 Qe2+ 68. Qg2 Qe3 69. Kh3 f4 70. Kg4 f5+ 71. Kxf5 f3 72. Qb2 Kh7
73. Qb1 f2 74. Kf6+ Kg8 75. Qd1 Qe6+ 76. Kg5 Qg6+ 77. Kf4 f1=Q+ 0-1

[Event "TCh-CHN 2019"]
[Site "China CHN"]
[Date "2019.12.04"]
[Round "19.2"]
[Board "5"]
[White "Girya, Olga"]
[Black "Ju, Wenjun"]
[Result "0-1"]
[WhiteTitle "WGM"]
[BlackTitle "GM"]
[WhiteElo "2488"]
[BlackElo "2580"]
[WhiteTeam "Hangzhou Bank Team"]
[BlackTeam "China Mobil Shanghai Chess Club"]
[WhiteFideId "4195752"]
[BlackFideId "8603006"]
[EventDate "2019.04.09"]

1. d4 Nf6 2. c4 e6 3. Nf3 d5 4. Nc3 Bb4 5. cxd5 exd5 6. Bf4 Ne4 7. Rc1 Qe7 8.
Nd2 Nxc3 9. bxc3 Ba3 10. Rb1 O-O 11. Rb3 Nc6 12. e3 Na5 13. Rb5 b6 14. Rxd5 Be6
15. Rg5 Bd6 16. Qf3 Bxf4 17. Qxf4 f6 18. Rg3 Bxa2 19. Bd3 f5 20. Bxf5 Nc4 21.
Qe4 Qxe4 22. Bxe4 Rad8 23. Nxc4 Bxc4 24. f3 c5 25. Kd2 cxd4 26. cxd4 Rc8 27. Rg5
Rfd8 28. Re5 a5 29. Rb1 a4 30. Rxb6 a3 31. Ra5 a2 32. Bd3 Bf7 33. Rb7 Ra8 34.
Rba7 Rxa7 35. Rxa7 Kf8 36. Be4 Rb8 37. Kc1 Bc4 38. Bxh7 Rb6 39. Ra8+ Ke7 40. Ra4
g6 41. Kd2 Ra6 42. Rxa2 Rxa2+ 43. Kc3 Bf7 44. f4 Rxg2 0-1

[Event "TCh-CHN 2019"]
[Site "China CHN"]
[Date "2019.12.04"]
[Round "19.3"]
[Board "2"]
[White "Zou, Chen"]
[Black "Zeng, Chongsheng"]
[Result "1/2-1/2"]
[WhiteTitle "FM"]
[BlackTitle "GM"]
[WhiteElo "2459"]
[BlackElo "2552"]
[WhiteTeam "Hangzhou Hongda team"]
[BlackTeam "Chongqing Sports lottery chess team"]
[WhiteFideId "8610959"]
[BlackFideId "8603847"]
[EventDate "2019.04.09"]

1. e4 c5 2. Nf3 d6 3. d4 cxd4 4. Nxd4 Nf6 5. Nc3 a6 6. f3 e5 7. Nb3 Be6 8. Be3
Nbd7 9. Qd2 b5 10. O-O-O Nb6 11. Qf2 Nfd7 12. Kb1 Rc8 13. Nd5 Bxd5 14. exd5 Nc4
15. Bc1 Be7 16. h4 O-O 17. g4 Qb6 18. Qe1 Bd8 19. c3 a5 20. Na1 b4 21. cxb4 axb4
22. Rh2 Na5 23. b3 e4 24. fxe4 Bf6 25. Nc2 Nc5 26. Qxb4 Qc7 27. Na3 Rfe8 28. Rc2
Qd8 29. g5 Rxe4 30. Nc4 Nxc4 31. Rxc4 Rxc4 32. Bxc4 Be5 33. Bb2 Qd7 34. Qd2 Bxb2
35. Kxb2 Qg4 36. Qd4 Qg3 37. Rd2 g6 38. Re2 Nd7 39. Ba6 Ra8 40. Bb5 Ne5 41. a4
h6 42. gxh6 Kh7 43. Qf2 Qg4 44. Qf6 Kxh6 45. Qxd6 Nf3 46. Be8 Qd4+ 47. Ka2 Ng1
48. Bxf7 Rxa4+ 49. bxa4 Qxa4+ 50. Kb2 Qd4+ 51. Kc2 Qa4+ 52. Kc3 Nxe2+ 53. Kd2
Nf4 54. Ke3 Ng2+ 55. Kf2 Nxh4 56. Qf8+ Kh5 57. Qh8+ Kg4 58. Be6+ Nf5 59. Bxf5+
Kxf5 60. Qh3+ Kg5 61. Qe3+ Kf6 62. Qe6+ Kg7 63. Qe7+ Kh6 64. d6 Qa2+ 65. Ke3
Qa3+ 66. Kf4 Qc5 67. Qf8+ Kh7 68. Qf7+ Kh6 69. Qf8+ Kh7 70. Qf7+ Kh6 71. Qf6
Qc4+ 72. Ke5 Qe2+ 73. Kd5 Qa2+ 74. Kc6 Qa4+ 75. Kc7 Qa7+ 76. Kd8 Qb6+ 77. Ke7
Qb4 78. Kf7 Qb3+ 79. Qe6 Qf3+ 80. Ke7 Qa3 81. Qe5 Kh7 82. Kf7 Qf3+ 83. Qf6 Qb3+
84. Ke8 Qa4+ 85. d7 Qb5 86. Qe7+ Kg8 87. Qf7+ Kh8 88. Ke7 Qb4+ 89. Ke8 Qb5 90.
Qe6 Kg7 91. Ke7 Qb4+ 92. Qd6 Qe4+ 93. Kd8 Qa8+ 94. Kc7 Qa7+ 95. Kc8 Qa8+ 96. Qb8
Qc6+ 97. Kd8 Qf6+ 98. Kc7 Qc3+ 99. Kb7 Qf3+ 100. Kb6 Qb3+ 101. Kc7 Qc3+ 102. Kb7
Qf3+ 103. Ka7 Qa3+ 104. Kb6 Qb3+ 105. Kc7 Qc3+ 1/2-1/2

[Event "TCh-CHN 2019"]
[Site "China CHN"]
[Date "2019.12.04"]
[Round "19.3"]
[Board "3"]
[White "Xiang, Zeyu"]
[Black "Zhou, Weiqi"]
[Result "0-1"]
[WhiteTitle "IM"]
[BlackTitle "GM"]
[WhiteElo "2446"]
[BlackElo "2592"]
[WhiteTeam "Hangzhou Hongda team"]
[BlackTeam "Chongqing Sports lottery chess team"]
[WhiteFideId "8608547"]
[BlackFideId "8601674"]
[EventDate "2019.04.09"]

1. d4 e6 2. c4 Bb4+ 3. Nd2 d5 4. Qb3 Be7 5. Ngf3 Nf6 6. g3 O-O 7. Bg2 c5 8. O-O
Na6 9. Rd1 cxd4 10. Ne5 Nd7 11. Nxd7 Bxd7 12. Nf3 Rc8 13. cxd5 Nc5 14. Qc4 Bf6
15. Bf4 exd5 16. Qxd5 Ba4 17. Qxd8 Rfxd8 18. b3 Bb5 19. Be5 Bxe2 20. Rd2 d3 21.
Bxf6 gxf6 22. Ne1 a5 23. Rc1 f5 24. f3 Rc6 25. Rb1 f4 26. Bf1 Bxf1 27. Kxf1 fxg3
28. hxg3 Rh6 29. Rbd1 Rd5 30. Nxd3 Nxd3 31. Rxd3 Rh1+ 32. Ke2 Re5+ 33. Kd2 Rh2+
34. Kc3 Rxa2 35. Rd5 Re6 36. Rd6 Rf2 37. Rxe6 Rxf3+ 38. Kc4 fxe6 39. Rd8+ Kg7
40. Re8 Rxg3 41. Rxe6 Rg4+ 42. Kc3 Rb4 43. Re7+ Kg6 44. Re6+ Kf7 45. Rh6 Kg7 46.
Rh1 h6 47. Rg1+ Kf6 48. Rh1 Kg5 49. Rg1+ Rg4 50. Rd1 Rg3+ 51. Kc4 Rg4+ 52. Kc3
Rf4 53. Rg1+ Kh5 54. Rh1+ Rh4 55. Rd1 Rg4 56. Rh1+ Kg6 57. Rd1 b5 58. Rd5 Rg3+
59. Kb2 Rg5 60. Rd6+ Kh5 61. Ka3 Rf5 62. Ra6 Kg5 63. Rxa5 h5 64. Kb4 h4 65. Ra1
h3 66. Rh1 Kg4 67. Ka5 Rh5 68. Rg1+ Kf3 69. b4 h2 70. Rc1 h1=Q 71. Rxh1 Rxh1 72.
Kxb5 Ke4 0-1

[Event "TCh-CHN 2019"]
[Site "China CHN"]
[Date "2019.12.04"]
[Round "19.3"]
[Board "4"]
[White "Tan, Zhongyi"]
[Black "Zhou, Zirun"]
[Result "1/2-1/2"]
[WhiteTitle "GM"]
[WhiteElo "2502"]
[BlackElo "2124"]
[WhiteTeam "Chongqing Sports lottery chess team"]
[BlackTeam "Hangzhou Hongda team"]
[WhiteFideId "8603642"]
[BlackFideId "8610975"]
[EventDate "2019.04.09"]

1. d4 Nf6 2. c4 e6 3. Nc3 d5 4. cxd5 exd5 5. Bg5 Be7 6. e3 c6 7. Bd3 O-O 8. Qc2
Nbd7 9. Nge2 g6 10. f3 Re8 11. O-O Nf8 12. Rad1 b5 13. Bh4 Ne6 14. Kh1 a5 15.
Qc1 Ba6 16. e4 b4 17. Bxa6 Rxa6 18. Bxf6 Bxf6 19. Na4 Bg7 20. e5 f6 21. f4 fxe5
22. fxe5 Qe7 23. Qd2 Ra7 24. Rc1 Rc7 25. Qe3 Rf8 26. Rxf8+ Qxf8 27. Qh3 Qe7 28.
Qd3 Bh6 29. Rf1 Ra7 30. Qh3 Bg5 31. Nc5 Nxc5 32. dxc5 Ra8 33. Nd4 Qxe5 34. Nxc6
Qe2 35. Rg1 Rf8 36. Nd4 Qe3 37. Nf3 d4 38. c6 Bd8 39. Qd7 Bb6 40. Qd5+ Kh8 41.
h4 Rf5 42. Qd6 Qf4 43. Qd7 Rf7 44. Qd5 Rf5 45. Qd7 Rf7 46. Qe8+ Rf8 47. Qe7 Rf7
48. Qe5+ Qxe5 49. Nxe5 Rf6 50. Rc1 Bc7 51. Nd3 Re6 52. Rc4 Kg8 53. Kg1 Kf7 54.
Kf1 Ke7 55. Rxd4 Rxc6 56. Ke2 1/2-1/2